000 00935nam a22002897a 4500
003 CHAP
005 20220329134345.0
008 971013s1963 us a r 00010 eng d
010 _a19276
011 _a20248
035 _a24336
040 _cCHAP
082 0 4 _a574
_bA55
110 2 _aAmerican Institute of Biological Sciences. Biological Sciences Curriculum Study
_95251
245 1 _aBiological science; an inquiry into life
260 _aNew York :
_bHarcourt,
_c1963
300 _a748 p.
_b: ilus
590 _aBATCH-UPD
_b10
_c20130110
_lUCH01
_h1805
590 _aBATCH-UPD
_b10
_c20130410
_lUCH01
_h1140
590 _aBATCH-UPD
_b10
_c20130914
_lUCH01
_h0633
590 _aCONVERSION
_b10
_c20130109
_lUCH01
_h1312
650 1 4 _aBiologĂ­a.
_912773
901 _aBK
942 _cLIBRO
949 _a574 A55
_bBC
_cLIBRO
_d-56103
_eLIBRO
_h13197
_i24336
_si
949 _a574 A55
_bBC
_cLIBRO
_d33724000457750
_eLIBRO
_fc.2
_h14355
_i24336
_si
999 _c19276
_d19276